Top 20 pays ayant le meilleur indice démocratiques - Statistiques

Statistiques générales
  • Ce quiz a été pris 93 fois
  • Le résultat moyen est 15 sur 20
Statistiques - réponses
Classement Pays Indice % Correct
1 Norvège 9,81
97%
4 Suède 9,39
97%
13 Canada 8,69
94%
5 Finlande 9,30
93%
12 Allemagne 8,80
92%
6 Danemark 9,28
91%
19 Royaume-Uni 8,28
85%
3 Islande 9,45
84%
16 Japon 8,40
84%
9 Pays-Bas 9,00
84%
14 Australie 8,66
83%
7 Irlande 9,19
79%
8 Suisse 9,14
79%
18 Autriche 8,29
76%
11 Luxembourg 8,81
74%
2 Nouvelle-Zélande 9,61
74%
20 Grèce 8,14
58%
10 Taiwan 8,92
42%
15 Uruguay 8,66
17%
17 Costa Rica 8,29
15%
Aucun quiz correspondant
Distribution des résultats
% des personnes avec chaque résultat
Percentile par nombre de réponses
Votre historique - résultats
Vous n’avez pas pris ce quiz